Situación actual y perspectivas tecnológicas del almendro

Gardado en:
Detalles Bibliográficos
Autor Corporativo: Pontificia Universidad Católica de Chile (Author)
Formato: Libro
Idioma:Lingua castelá
Publicado: Santiago Pontificia Universidad Católica de Chile 1998
Series:Colección de Extensión
Subjects:
Tags: Engadir etiqueta
Sen Etiquetas, Sexa o primeiro en etiquetar este rexistro!

MARC

LEADER 00000nam a2200000 a 4500
001 UCQ5021
003 CL-VaPUC
005 20250421164339.0
008 980921e19980000cl 1 spa d
082 0 4 |a 634.55  |b PON  |2 21 
110 2 |a Pontificia Universidad Católica de Chile  |e author  |9 619119 
245 1 0 |a Situación actual y perspectivas tecnológicas del almendro 
260 |a Santiago  |b Pontificia Universidad Católica de Chile  |c 1998 
300 |a 190 p 
490 0 |a Colección de Extensión 
583 |a last modification  |c 19980921 00:00:00  |k Rodrigo Vera 
650 0 0 |a Almendros  |9 448857 
650 0 0 |a Cultivo  |9 264268 
650 0 0 |a Cosecha  |9 259688 
650 0 0 |a Polinización  |9 259680 
650 0 7 |a PORTAINJERTO  |2 CL-VaPUC  |9 555855 
650 0 0 |a Fertilización   |9 259681 
650 0 0 |a Riego  |9 259685 
650 0 7 |a PODAS  |2 CL-VaPUC  |9 619120 
650 0 0 |a Control de plagas  |9 327373 
650 0 0 |a Congresos  |9 257560 
942 |c BK 
945 |a mvenant  |d 19980921 00:00:00 
546 |a En Español 
536 |a Pontificia Universidad Católica de Chile 
518 |p Seminario Internacional, Santiago, 30 y 31 de julio de 1998 
999 |c 383261  |d 383259 
952 |0 0  |1 1  |2 ddc  |4 0  |6 634_550000000000000_PON_1998  |7 0  |8 A  |9 505324  |a BIBAGR  |b BIBAGR  |d 2020-01-23  |i 346377K  |o 634.55 PON 1998  |p 346377K  |r 2020-01-23  |w 2020-01-23  |y BK  |k AGR